000 00314nam a22001337a 4500
008 170712b xxu||||| |||| 00| 0 eng d
020 _a9780794527532
041 _aeng
080 _a030
100 _a26
101 _aENC
245 _aTHE USBORNE ENCYCLOPEDIA OF WORLD RELIGIONS
_cMEREDITH, S
942 _2udc
_cBK
999 _c20258
_d20258